000 00550nam a2200217Ia 4500
003 OSt
005 20220928145707.0
006 a|||||r|||| 00| 0
007 ta
008 220927b |||||||| |||| 00| 0 eng d
024 _a82014
037 _cTextual
040 _aSDCL
_cSDCL
_beng
041 _2eng
_aeng
082 _aY5.73'N8, M0
100 _aDomhoff G William Ed.
_9514098
245 0 _aPower structure research.
260 _c1980
942 _hY5.73'N8, M0
_cTEXL
_2CC
999 _c834806
_d834806